Symmetric properties of real functions /

Guardado en:
Autor Principal: Thomson, Brian S., 1941-
Formato: Libro
Idioma:English
Publicado: New York : Dekker, c1994.
Series:Monographs and textbooks in pure and applied mathematics ; 183
Materias:
Acceso en línea:Publisher description
Etiquetas: Agregar Etiqueta
Sin Etiquetas, Sea el primero en etiquetar este registro!
LEADER 00842pam a2200229 a 4500
001 MAT.inmabb004174
008 940328s1994####nyua#####b####001#0#eng##
005 20130408180022.0
245 1 0 |a Symmetric properties of real functions /  |c Brian S. Thomson. 
260 |a New York :  |b Dekker,  |c c1994. 
300 |a xiii, 447 p. :  |b il. ;  |c 24 cm. 
440 0 |a Monographs and textbooks in pure and applied mathematics ;  |v 183 
504 |a Incluye referencias bibliográficas (427-440) e índice. 
510 4 |a MR,  |c 95m:26002 
020 |a 0824792300 
100 1 |a Thomson, Brian S.,  |d 1941- 
650 0 |a Symmetric functions. 
084 |a 26Axx (42A24)  |2 msc2000 
010 |a  94014911  
040 |a DLC  |c DLC  |d DLC 
856 4 2 |3 Publisher description  |u http://www.loc.gov/catdir/enhancements/fy0647/94014911-d.html 
859 |h 26  |i T482  |p A-7024  |b BIB. MATEMATICA